|
|
|
|
| LEADER |
00000naa2a2200000 4500 |
| 001 |
635378 |
| 005 |
20240215121914.0 |
| 035 |
|
|
|a (RuTPU)RU\TPU\conf\37231
|
| 035 |
|
|
|a RU\TPU\conf\37229
|
| 090 |
|
|
|a 635378
|
| 100 |
|
|
|a 20230116a2022 k y0rusy50 ca
|
| 101 |
0 |
|
|a rus
|
| 102 |
|
|
|a RU
|
| 105 |
|
|
|a y z 100zy
|
| 135 |
|
|
|a drgn ---uucaa
|
| 181 |
|
0 |
|a i
|
| 182 |
|
0 |
|a b
|
| 200 |
1 |
|
|a Механоактивация как метод снижения временной жесткости воды
|f А. И. Сечин, Н. В. Пилипец, А. П. Матвеев, Д. Г. Штенцов
|
| 203 |
|
|
|a Текст
|c электронный
|
| 225 |
1 |
|
|a Промышленная безопасность
|
| 300 |
|
|
|a Заглавие с экрана
|
| 320 |
|
|
|a [Библиогр.: с. 226 (5 назв.)]
|
| 463 |
|
0 |
|0 (RuTPU)RU\TPU\conf\37109
|t Современные проблемы машиностроения
|o сборник трудов XV Международной научно-технической конференции, г. Томск, 22-25 ноября 2022 г.
|f Национальный исследовательский Томский политехнический университет (ТПУ) ; ред. кол. Е. Н. Пашков [и др.]
|v [С. 225-226]
|d 2022
|
| 610 |
1 |
|
|a электронный ресурс
|
| 610 |
1 |
|
|a труды учёных ТПУ
|
| 610 |
1 |
|
|a механоактивация
|
| 610 |
1 |
|
|a снижение
|
| 610 |
1 |
|
|a временная жесткость
|
| 610 |
1 |
|
|a подземные воды
|
| 610 |
1 |
|
|a соли
|
| 610 |
1 |
|
|a физико-химические свойства
|
| 610 |
1 |
|
|a очистка
|
| 701 |
|
1 |
|a Сечин
|b А. И.
|c специалист в области экологии и безопасности жизнедеятельности
|c профессор Томского политехнического университета, доктор технических наук
|f 1950-
|g Александр Иванович
|3 (RuTPU)RU\TPU\pers\26051
|9 11890
|
| 701 |
|
1 |
|a Пилипец
|b Н. В.
|c химик-технолог
|c заведующий лабораторией Томского политехнического университета, кандидат технических наук
|f 1988-
|g Наталья Викторовна
|3 (RuTPU)RU\TPU\pers\46687
|
| 701 |
|
1 |
|a Матвеев
|b А. П.
|c специалист в области менеджмента
|c главный инженер Томского политехнического университета
|f 1968-
|g Андрей Петрович
|3 (RuTPU)RU\TPU\pers\41278
|
| 701 |
|
1 |
|a Штенцов
|b Д. Г.
|
| 712 |
0 |
2 |
|a Национальный исследовательский Томский политехнический университет
|b Школа базовой инженерной подготовки
|b Отделение общетехнических дисциплин
|3 (RuTPU)RU\TPU\col\23550
|
| 712 |
0 |
2 |
|a Национальный исследовательский Томский политехнический университет
|b Инженерная школа новых производственных технологий
|b Научно-производственная лаборатория "Чистая вода"
|3 (RuTPU)RU\TPU\col\23657
|
| 801 |
|
2 |
|a RU
|b 63413507
|c 20230126
|g RCR
|
| 856 |
4 |
|
|u http://earchive.tpu.ru/handle/11683/74422
|
| 942 |
|
|
|c BK
|